| 000 | 01848nam a22001817a 4500 | ||
|---|---|---|---|
| 999 |
_c6513 _d6513 |
||
| 003 | GBCCL | ||
| 005 | 20241126110605.0 | ||
| 008 | 171208b xxu||||| |||| 00| 0 eng d | ||
| 040 | _cgbc | ||
| 082 |
_a220.7 _bLAY |
||
| 245 |
_aThe layman's Bible Commentary/ _cBalmer H. Kelly, editor ; Donald G. Miller, Arnold B. Rhodes, associate editors. |
||
| 260 |
_aRichmond: _bJohn Knox Press, _c1972 |
||
| 300 |
_a25v. _c18 cm. |
||
| 440 |
_aThe Layman's Bible Commentary _911661 |
||
| 505 | _av. 1. Introduction to the Bible -- v. 2. Genesis / Charles T. Fritsch -- v. 3. Exodus / B. Davie Napier -- v. 4. Leviticus, Numbers / James L. Mays -- v. 5. Deuteronomy, Joshua / Edward P. Blair -- v. 6. Judges, Ruth, I and II Samuel / Eric C. Rust -- v. 7 . I and II Kings, I and II Chronicles / Robert C. Dentan -- v. 8. Ezra, Nehemiah, Esther, Job / Balmer H. Kelly -- v. 9. Psalms / Arnold B. Rhodes -- v. 10. Proverbs, Ecclesiastes, Song of Solomon / J. Coert Rylaardsdam -- v. 11. Isaiah / G. Ernest Wright -- v. 12. Jeremiah, Lamentations / Howard T. Kuist -- v. 13. Ezekiel, Daniel / Carl G. Howie -- v. 14. Hosea, Joel, Amos, Obadiah, Jonah / Jacob M. Myers -- v. 15. Micah, Nahum, Habakkuk, Zephaniah, Haggai, Zechariah, Malachi / James H. Gailey, Jr. -- v. 16. Matthew / Suzanne de Dietrich -- v. 17. Mark / Paul S. Minear -- v. 18. Luke / Donald G. Miller -- v. 19. John / Floyd V. Filson -- v. 20. Acts of the Apostles / Albert C. Winn -- v. 21. Romans, I and II Corinthians / Kenneth J. Foreman -- v. 22. Galatians, Ephesians, Philippians, Colossians / Archibald M. Hunter -- v. 23. I and II Thessalonians, I and II Timothy, Titus, Philemon / Holmes Rolston -- v. 24. Hebrews, James, I and II Peter / John Wick Bowman -- v. 25. I, II and III John, Jude, Revelation / Julian Price Love | ||
| 650 |
_a.Bible _vcommentaries _911662 |
||
| 942 |
_2ddc _cBK _014 |
||